000 00726cam a2200241 i 4500
999 _c27720
_d27720
001 27720
003 Mx-PuUPA
005 20211012100455.0
008 140415s1985 sp a gr 001 0 spa d
020 _a8431306785
040 _aMX-PuUPA
_bspa
_erda
_cMx-PuUPA
_dMx-PuUPA
041 0 _aspa
100 1 _aGonzález, Ángel Luis,
_d1948-2016
_eautor
_91239
245 1 0 _aTeología natural /
_cÁngel Luis González
250 _aPrimera edición
264 _aBarcelona :
_bEunsa,
_c1985
300 _a317 Páginas ;
_c23 cm.
336 _atexto
_2rdacontent
_btxt
337 _asin medio
_2rdamedia
_bn
338 _2rdacarrier
_avolumen
_bnc
942 _2ddc
_cLI
_h104.19
_iG635